Rozpoznaj przedmioty League of Legends po zdjęciu [poziom ekspert] - Statystyki

Ogólne statystyki
  • Ten quiz został rozwiązany 37 razy
  • Średni wynik to 7 z 16
Statystyki odpowiedzi
Obrazkowy Odpowiedź % Poprawnych
Ząb Nashora
94%
Alternator Hextech
78%
Kostur Archanioła
72%
Pozdrowienia Lorda Dominika
69%
Kołczan Południa
50%
Szczelinotwórca
50%
Kadłubołamacz
47%
Paszcza Malmortiusa
47%
Złota Szpatułka
44%
Błogosławieństwo Mikaela
34%
Boski Miecz
22%
Echa Helii
19%
Tunelowiec
16%
Świt Srebrzystej
13%
Chemtechowy Skaziciel
6%
Popioły Przeznaczenia
6%
Nie znaleziono quizów pasujących do podanych kryteriów
Rozkład punktacji
Procent ludzi z każdym wynikiem
Percentyl według liczby udzielonych odpowiedzi
Twoja historia wyników
Nie rozwiązałeś tego quizu